|
|
|
แสดงรายละเอียดบรรณานุกรม |
|
|
Brief Record
: Get Marc (ISO 2709)
: E-mail record
: |
|
|
| LEADER 00000nam 2200000uu 4500 | |||
| 001 13399108365 | |||
| 003 ULIB | |||
| 008 110131s2549||||th 000 0 tha d | |||
| 020 ^a9749993152 | |||
| 060 04 ^aWS141^bภ415ก 2549 | |||
| 245 00 ^aการซักประวัติและตรวจร่างกายในเด็ก /^cบรรณาธิการ, นวลจันทร์ปราบพาล ... [และคนอื่นๆ] | |||
| 260 ^a[กรุงเทพฯ] :^bภาควิชากุมารเวชศาสตร์ คณะแพทยศาสตร์จุฬาลงกรณ์มหาวิทยาลัย,^c2549 | |||
| 300 ^aviii, 228 หน้า :^bภาพประกอบ | |||
| 650 7 ^aการซักประวัติผู้ป่วย^xในวัยทารกและวัยเด็ก | |||
| 650 7 ^aการตรวจร่างกาย^xในวัยทารกและวัยเด็ก | |||
| 700 0 ^aนวลจันทร์ ปราบพาล,^eบรรณาธิการ | |||
| 710 2 ^aจุฬาลงกรณ์มหาวิทยาลัย. ^bคณะแพทยศาสตร์.^bภาควิชากุมารเวชศาสตร์ | |||
| 999 ^aสุณิสา | |||
| คุณยังไม่ได้ล็อกอิน คุณสามารถมีกิจกรรมร่วมกับเว็บไซต์ได้ แต่ต้องล็อกอินก่อน :: |
|
| สถานะ | |||||||||
| 1. | หนังสือสำรอง สถานะ=หนังสือสำรอง | WS141 ภ415ก 2549 ฉ.1 Barcode: B0018128 | ►ชั้นหนังสือเก่าปีพิมพ์เกิน 10 ปี | บนชั้น | |||||
| Note:ห้องเก็บ2103 | |||||||||
| 2. | ตำราวิทยาศาสตร์สุขภาพ | WS141 ภ415ก 2549 ฉ.6 Barcode: B0018958 | ►ชั้นหนังสือเก่าปีพิมพ์เกิน 10 ปี | บนชั้น | |||||
| Note:ห้องเก็บ2103 | |||||||||
| 3. | ตำราวิทยาศาสตร์สุขภาพ | WS141 ภ415ก 2549 ฉ.10 Barcode: B0024888 | ►ชั้นหนังสือเก่าปีพิมพ์เกิน 10 ปี | บนชั้น | |||||
| Note:ห้องเก็บ2103 | |||||||||
| 4. | ตำราวิทยาศาสตร์สุขภาพ | WS141 ภ415ก 2549 ฉ.12 Barcode: B0030856 | ►ชั้นหนังสือเก่าปีพิมพ์เกิน 10 ปี | บนชั้น | |||||
| Note:ห้องเก็บ2103 | |||||||||
| 5. | หนังสือศูนย์ศึกษาพยาบาลเวชปฏิบัติ | WS141 ภ415ก 2549 ฉ.17 Barcode: 800005 | ►ชั้นหนังสือเก่าปีพิมพ์เกิน 10 ปี | บนชั้น | |||||
| Note:ห้องเก็บ2103 | |||||||||
| [แสดง 5/5 รายการ] | |||||||||
BibComment |
| คอมเมนท์ทรัพยากรรายการนี้ |
|
|